Nom Complet des Classique Disney/Pixar - Statistiques

Statistiques générales
  • Ce quiz a été pris 3 fois
  • Le résultat moyen est 10 sur 45
Statistiques - réponses
Hint Réponse % Correct
Blanche-Neige _ _ _ _ Blanche-Neige et les Sept Nains
100%
Kuzco _ _ _ Kuzco L'empereur Mégalo
100%
Taram _ _ _ _ Taram et le Chaudron Magique
100%
Avalonia _ _ _ Avalonia L'Etrange Voyage
50%
Basil _ _ Basil Détective Privé
50%
Clochette et _ _ _ Clochette et La Fée Pirate
50%
Danny _ _ _ _ Danny le petit mouton noir
50%
Encanto _ _ _ _ Encanto La Fantastique Famille Madrigal
50%
Kuzco 2 _ _ Kuzco 2 King Kronk
50%
Le Crapaud _ _ _ _ _ Le Crapaud et le Maitre D'école
50%
_ _ _ Jafar Le Retour de Jafar
50%
_ _ _ Cendrillon Le Sortilège de Cendrillon
50%
Mickey Donald Dingo _ _ _ Mickey Donald Dingo Les Trois Mousquetaires
50%
Peter Pan 2 _ _ _ _ Peter Pan 2 Retour au Pays Imaginaire
50%
Raya _ _ _ _ Raya et Le Dernier Dragon
50%
Volt _ _ _ Volt Star Malgré Lui
50%
1001 pattes _ _ _ 1001 Pattes A Bug's Life
0%
101 Dalmatiens 2_ _ _ _ _ 101 Dalmatiens 2 Sur la Trace des Héros
0%
Aladdin _ _ _ _ _ Aladdin et le Roi des Voleurs
0%
Atlantide _ _ _ Atlantide L'Empire Perdu
0%
Bernard et Bianca _ _ _ _ Bernard et Bianca au Pays des Kangourous
0%
Cars _ _ Cars Quatre roues
0%
Cendrillon 2 _ _ _ _ Cendrillon 2 Une Vie de Princesse
0%
Clochette et _ _ _ Clochette et La Créature Légendaire
0%
Clochette et _ _ _ _ Clochette et La Pierre de Lune
0%
Clochette et _ _ _ _ Clochette et Le Secret des fées
0%
Clochette et _ _ _ Clochette et L'expédition féerique
0%
Dingo et Max 2 _ _ _ _ _ Dingo et Max 2 Les Sportifs de l'extreme
0%
La Bande à Picsou _ _ _ _ _ _ La Bande à Picsou Le Trésor de la Lampe Perdue
0%
La Belle et La Bete 2 _ _ _ La Belle et la Bete Le Noel Enchanté
0%
La Belle et le Clochard 2 _ _ _ _ _ La Belle et le Clochard 2 L'Appel de la Rue
0%
La Petite Sirène 2 _ _ _ _ La Petite Sirène 2 Retour à l'Océan
0%
La Planete au Trésor _ _ _ La planete au Trésor Un Nouvel Univers
0%
Le Bossu de Notre Dame 2_ _ _ _ Le Bossu de Notre Dame 2 Le Secret de Quasimodo
0%
Le Roi Lion 2 _ _ _ _ _ Le Roi Lion 2 L'honneur de la Tribu
0%
Le Roi Lion 3 _ _ Le Roi Lion 3 Hakuna Matata
0%
_ _ _ _ Petite Sirène Le Secret de la Petite Sirène
0%
Lilo et Stitch 2 _ _ _ _ _ Lilo et Stitch 2 Hawaii, Nous avons un Problème !
0%
Mulan 2 _ _ _ _ _ Mulan 2 La Mission de L'Empereur
0%
Pocahontas 2 _ _ _ Pocahontas 2 Un Monde Nouveau
0%
Pocahontas _ _ _ Pocahontas Une légende Indienne
0%
Tarzan 2 _ _ _ _ _ Tarzan 2 L'Enfance d'un Héros
0%
Vaiana _ _ _ _ _ _ Vaiana La Légende du Bout du Monde
0%
Winnie l'Ourson 2 _ _ _ Winnie l'ourson 2 Le Grand Voyage
0%
Wish _ _ _ _ _ Wish Asha et la bonne étoile
0%
Aucun quiz correspondant
Distribution des résultats
% des personnes avec chaque résultat
Percentile par nombre de réponses
Votre historique - résultats
Vous n’avez pas pris ce quiz